The capitalist state and the construction of civil society : public funding and the regulation of popular education in Sweden, 1870-1991 /

Bibliographic Details
Main Authors: Berg, Anne, 1981- (Author), Edquist, Samuel (Author)
Corporate Author: ProQuest (Firm)
Format: eBook
Language:English
Published: Cham, Switzerland : Palgrave Macmillan, [2017]
Subjects:
Online Access:Connect to the full text of this electronic book

MARC

Tag First Indicator Second Indicator Subfields
LEADER 00000cam a2200000Ii 4500
001 in00003827310
006 m o d
007 cr cnu|||unuuu
008 170712s2017 sz ob 001 0 eng d
005 20250816223603.4
020 |a 9783319524559  |q (electronic bk.) 
020 |a 3319524550  |q (electronic bk.) 
020 |z 9783319524542 
024 8 |a 40027333906 
035 |a (NhCcYBP)ebc4908254 
040 |a NhCcYBP  |c NhCcYBP  |d UtOrBLW 
043 |a e-sw--- 
050 4 |a LC93.S8  |b B47 2017 
072 7 |a EDU  |x 001000  |2 bisacsh 
072 7 |a EDU  |x 034000  |2 bisacsh 
082 0 4 |a 379.485  |2 23 
100 1 |a Berg, Anne,  |d 1981-  |e author.  |0 http://id.loc.gov/authorities/names/n2010051692 
245 1 4 |a The capitalist state and the construction of civil society :  |b public funding and the regulation of popular education in Sweden, 1870-1991 /  |c Anne Berg, Samuel Edquist. 
264 1 |a Cham, Switzerland :  |b Palgrave Macmillan,  |c [2017] 
300 |a 1 online resource. 
336 |a text  |b txt  |2 rdacontent 
337 |a computer  |b c  |2 rdamedia 
338 |a online resource  |b cr  |2 rdacarrier 
588 0 |a Vendor-supplied metadata. 
504 |a Includes bibliographical references (pages 181-202) and index. 
505 0 |a The Capitalist State and the Construction of Civil Society; Acknowledgements; Contents; Abbreviations Swedish; Abbreviation Swedish, with English translation; List of Figures; 1 Capitalist States and Civil Societies; The Capitalist State and Civil Society; The Construction of Civil Society; The Institutional Expressions of the Swedish Capitalist State; Research Setting and Methodology; What Is Popular Education?; Popular Education Research; The Approach of Our Study; Outline of the Book; Notes; 2 Autonomisation, or, Governing the Evolution of Freedom; The Nineteenth-Century Capitalist State 
505 8 |a Popular Education and the Popular ClassesThe Political Rationality of Subsidies for Popular Education; A Tale of Three Policies; Voluntary Education for Social Cohesion; The Enabling and Stabilising Role of Government Resources; The Grant System; Rising Grants, Rising Organisations; The Role of Public Funding for Folk High Schools and Lecture Societies; Notes; 3 Independent yet Functional and Rational; Governing Organisations; Bureaucratically Connected and Formalised Organisations; Circumscribing the Ideological Possibilities; Programmes for Social Consent; Apparatuses of Self-Regulation 
505 8 |a Notes4 Autonomisation and Bureaucratisation in the Welfare State Era; The Formation of the Welfare State and the Swedish Experience; The Making of a Popular Education Sector; An Overview of the Government Grant System from 1911 to 1991; General Usefulness for the State and the Nation; Integrating Public and Private Funding; The Bureaucratic Integration of Popular Education; The Rise of a Government Popular Education Bureaucracy; The Corporatist Nature of Study Associations; Creating Organisations for Services and Cooperation 
505 8 |a The Corporatist Balance Between Popular Education and Government as Reality and IdeologyNotes; 5 Designing Popular Education; Governing Internal Organisational and Educational Practices; Defining Organisational and Educational Forms; Requiring Systematicity, Pedagogical Quality and Cooperation; Governing Ideological Content; Fostering a Democratic Mind: From Anti-Politics to the Popular Movement Spirit; Reproducing National Identity; Promoting Morals and Elevating the Youth; Safeguarding Educational and Cultural Quality 
505 8 |a Defining the Boundaries: The Contradiction Between Ideal and Organised Popular EducationNotes; 6 Conclusion; The Capitalist State and the Strategy of Autonomisation; Autonomisation and the Historical Process of Bureaucratisation; Epilogue: Autonomisation the Neo-Liberal Way; Notes; Bibliography; Archival sources; Archives of the Ministry of Education and Ecclesiastical Affairs/Ministry of Education (EU); Archives of the National Board of Education (SÖ); Archives of the Popular Education Association and its predecessors (FBF); Riksdag publications 
500 |a Electronic resource. 
650 0 |a Education and state  |z Sweden  |x History  |y 19th century. 
650 0 |a Education and state  |z Sweden  |x History  |y 20th century. 
650 0 |a Education  |z Sweden  |x Finance  |x History  |y 19th century. 
650 0 |a Education  |z Sweden  |x Finance  |x History  |y 20th century. 
650 0 |a Capitalism  |z Sweden  |x History  |y 19th century. 
650 0 |a Capitalism  |z Sweden  |x History  |y 20th century. 
650 0 |a Civil society  |z Sweden  |x History  |y 19th century. 
650 0 |a Civil society  |z Sweden  |x History  |y 20th century. 
655 7 |a Electronic books.  |2 local 
700 1 |a Edquist, Samuel,  |e author.  |0 http://id.loc.gov/authorities/names/nr2002020096 
710 2 |a ProQuest (Firm)  |0 http://id.loc.gov/authorities/names/n2007068018 
856 4 0 |u https://ebookcentral.proquest.com/lib/tamucs/detail.action?docID=4908254  |y Connect to the full text of this electronic book  |t 0 
945 |a machinegen 
955 |a YBP purchased approval e-records 
980 |b 99.99  |g 1 
987 |a ybp14683253 
999 f f |s 22265315-29f8-3436-a425-eb2be727b4a4  |i 40d24647-e4b7-3de3-a4b5-aeea306007bc  |t 0 
952 f f |a Texas A&M University  |b College Station  |c Electronic Resources  |d Available Online  |t 0  |e LC93.S8 B47 2017  |h Library of Congress classification 
998 f f |a LC93.S8 B47 2017  |t 0  |l Available Online